<?xml version="1.0" encoding="UTF-8"?>
<record
    xmlns:xsi="http://www.w3.org/2001/XMLSchema-instance"
    xsi:schemaLocation="http://www.loc.gov/MARC21/slim http://www.loc.gov/standards/marcxml/schema/MARC21slim.xsd"
    xmlns="http://www.loc.gov/MARC21/slim">

  <leader>00718nab a2200217uuc4500</leader>
  <controlfield tag="001">1322439</controlfield>
  <controlfield tag="005">20240522090849.0</controlfield>
  <controlfield tag="008">130409e20000401                    spa  </controlfield>
  <datafield tag="035" ind1=" " ind2=" ">
    <subfield code="a">1322439</subfield>
  </datafield>
  <datafield tag="040" ind1=" " ind2=" ">
    <subfield code="c">comduadb</subfield>
  </datafield>
  <datafield tag="041" ind1=" " ind2=" ">
    <subfield code="a">spa</subfield>
  </datafield>
  <datafield tag="100" ind1="1" ind2="0">
    <subfield code="a">Sepulveda, Luz Maria</subfield>
    <subfield code="4">aut</subfield>
    <subfield code="e">aut</subfield>
    <subfield code="9">624093</subfield>
  </datafield>
  <datafield tag="245" ind1="1" ind2="0">
    <subfield code="a">Ciencias in-naturales: el espacio invertido</subfield>
  </datafield>
  <datafield tag="650" ind1=" " ind2=" ">
    <subfield code="a">Espacio en el arte</subfield>
    <subfield code="9">27329</subfield>
  </datafield>
  <datafield tag="650" ind1=" " ind2="0">
    <subfield code="a">Tiempo en el arte</subfield>
    <subfield code="9">79392</subfield>
  </datafield>
  <datafield tag="650" ind1=" " ind2="7">
    <subfield code="a">Arte moderno</subfield>
    <subfield code="y">Siglo XXI</subfield>
    <subfield code="2">armarc</subfield>
    <subfield code="9">1794</subfield>
  </datafield>
  <datafield tag="650" ind1=" " ind2=" ">
    <subfield code="a">Arte contempor&#xE1;neo - M&#xE9;xico</subfield>
    <subfield code="9">150971</subfield>
  </datafield>
  <datafield tag="650" ind1=" " ind2=" ">
    <subfield code="a">Instalaci&#xF3;n (Arte)</subfield>
    <subfield code="9">98016</subfield>
  </datafield>
  <datafield tag="773" ind1="0" ind2=" ">
    <subfield code="t">ArtNexus : Arte en Colombia (Bogot&#xE1;)</subfield>
    <subfield code="g">N&#xFA;mero 082, Abril-Junio 2000, p. 125-127</subfield>
    <subfield code="w">5746</subfield>
    <subfield code="z">0120713X</subfield>
    <subfield code="0">3449</subfield>
  </datafield>
  <datafield tag="942" ind1=" " ind2=" ">
    <subfield code="c">ARIMP</subfield>
  </datafield>
  <datafield tag="999" ind1=" " ind2=" ">
    <subfield code="c">641069</subfield>
    <subfield code="d">641069</subfield>
  </datafield>
</record>
